| 000 | 00393nam a2200181Ia 4500 | ||
|---|---|---|---|
| 005 | 20250603150008.0 | ||
| 008 | 250603s9999 xx 000 0 und d | ||
| 020 | _a0-321-35014-6 | ||
| 050 | _aQA 303.2 .H37/ | ||
| 100 | _aHass, Joel | ||
| 245 | 0 | _aUniversity calculus | |
| 260 | _aBoston | ||
| 260 | _bPearson | ||
| 260 | _c2007 | ||
| 300 | _a930 p | ||
| 650 | _aBoston | ||
| 942 | _cBK | ||
| 999 |
_c43459 _d43459 |
||